000 00365nam a22001457a 4500
003 OSt
008 240828b |||||||| |||| 00| 0 eng d
020 _a9788120811607
082 _a891.2
_bFRW
100 _aFRAWLEY, David
245 _aWisdom of the Ancient Seers
260 _aDelhi:
_bMotilal Banarsidass Publishers,
_c1992.
300 _a275p.
942 _2ddc
_cBK
999 _c12843
_d12843